| 000 | 01050cab a2200289 4500 | ||
|---|---|---|---|
| 001 | ABS56500 | ||
| 008 | 090401t1997 xxu||||| |||| 00| 0 eng d | ||
| 035 | _a(Sirsi) u24101 | ||
| 041 | _aeng | ||
| 100 | _aLewison, K. | ||
| 245 | _aNew Act will be a relief for tenants | ||
| 260 | _c1997 | ||
| 350 | _a0 | ||
| 490 |
_aProperty Week _v58(1) 10 January 1997, 19(1) |
||
| 520 | _aOutlines the principle of relief from forfeiture due to nonpayment of rent, as laid down in "Gill v Lewis". Reviews recent approaches to similar situations concerning service charges, and how the Housing Act 1996 introduces new restrictions against forfeiture. | ||
| 650 | _aDISTRAIN | ||
| 650 | _aHOUSING ACT 1996 S81 | ||
| 650 | _aKHAR V DELBOUNTY | ||
| 650 | _aLAW OF PROPERTY ACT 1925 S146 | ||
| 650 | _aNONPAYMENT | ||
| 650 | _aRELIEF FROM FORFEITURE | ||
| 650 | _aRENT ARREARS | ||
| 650 | _aSERVICE CHARGES | ||
| 690 | _aPROPERTY-RESIDENTIAL PROPERTY-RESIDENTIAL LANDLORD AND TENANT-RESIDENTIAL TENANCIES | ||
| 942 | _n0 | ||
| 948 | _c04/03/1997 | ||
| 999 |
_c16143 _d16143 |
||